000 00557cam a22001577a 4500
008 180718b1981 xxu||||| |||| 00| 0 eng d
082 _aC43x54 R162
100 _aRangaswami, Vanaja
245 _aStory of integration: a new interpretation
_cby Vanaja Rangaswami
260 _aDelhi
_bMahohar
_c1981
300 _a392p.
650 _aCochin (Princely State) --Politics and government
650 _aTravancore (Princely State) --Politics and government
650 _aMysore (Princely State) --Politics and government
650 _aFederal government --India
999 _c352194
_d352194